000 00702nam a2200253Ia 4500
003 OSt
005 20221007103555.0
006 a|||||r|||| 00| 0
007 ta
008 221006b |||||||| |||| 00| 0 eng d
024 _a13,510
037 _cTextual
040 _aLCO
_cLCO
_beng
041 _2eng
_aeng
082 _aZ73,122 0t 27, LO
100 _aCallahan Parnell J.T.
245 0 _aLaw of Separation and Divorce
250 _a3rd
260 _aNew
_bYork Oceana Publications Inc, U.S.A.
_c1970
300 _a123
650 _aLaw of Separation and Divorce
_9705254
942 _hZ73,122 0t 27, LO
_cTEXL
999 _c1183073
_d1183073